La parroquia, comunidad eucarística: ensayo de una teología pastoral de la parroquia

Uloženo v:
Podrobná bibliografie
Hlavní autor: Floristán Samanes, Casiano (Autor)
Médium: Kniha
Jazyk:španělština
Vydáno: Madrid Marova 1961
Edice:Christus Pastor
Témata:
Tagy: Přidat tag
Žádné tagy, Buďte první, kdo vytvoří štítek k tomuto záznamu!

MARC

LEADER 00000nam a2200000 a 4500
001 UCR1809
003 CL-VaPUC
008 971219e19610000SP |||||||||||||||||spa|d
082 0 4 |a 241  |b FLO  |2 21 
100 0 |a Floristán Samanes, Casiano  |e author  |9 399320 
245 1 3 |a La parroquia, comunidad eucarística: ensayo de una teología pastoral de la parroquia 
300 |a 219 p 
942 |c BK 
945 |d 19971219 00:00:00  |a jquezada 
260 |a Madrid  |b Marova  |c 1961 
650 0 |a Teología moral   |9 256617 
650 7 |a COMUNIDAD RELIGIOSA  |2 CL-VaPUC  |9 399321 
650 7 |a PASTORAL  |2 CL-VaPUC  |9 397996 
650 7 |a CULTO  |2 CL-VaPUC  |9 314205 
650 0 |a Reforma protestante  |9 399322 
650 7 |a DOCTRINAS RELIGIOSAS  |2 CL-VaPUC  |9 337177 
583 |a last modification  |c 19971219 00:00:00  |k Rodrigo Vera 
490 0 |a Christus Pastor 
999 |c 265172  |d 265170 
952 |0 0  |1 2  |4 0  |6 241_000000000000000_FLO_1961  |7 0  |8 A  |9 295995  |a BIBTEO  |b BIBTEO  |d 2019-11-20  |i 3384241  |o 241 FLO 1961  |p 3384241  |r 2019-11-20  |w 2019-11-20  |x Descarte 2019  |y BK  |k ICR